La inteligencia emocional

Shranjeno v:
Bibliografske podrobnosti
Glavni avtor: Goleman, Daniel (Author)
Format: Knjiga
Jezik:španščina
Izdano: Buenos Aires Ediciones B 2018
Izdaja:19a. ed
Teme:
Oznake: Označite
Brez oznak, prvi označite!

MARC

LEADER 00000cam a2200000 a 4500
001 UCC6572
003 CL-VaPUC
008 181220e20180000ag |||||||||||||||||spa|d
020 |a 9789501519914 
082 0 4 |a 153.9  |b GOL  |2 21 
100 |a Goleman, Daniel  |e author  |9 615276 
245 1 3 |a La inteligencia emocional 
250 |a 19a. ed 
300 |a 397 p 
942 |c BK 
945 |d 20181220 17:39:00  |a dcastane 
260 |a Buenos Aires  |b Ediciones B  |c 2018 
650 0 |a Inteligencia  |9 267038 
650 0 |a Emociones   |9 265224 
650 0 |a Procesos mentales superiores  |9 330839 
650 0 |a Traumas  |9 375412 
583 |a last modification  |c 20181220 17:39:00  |k Rodrigo Vera 
999 |c 373511  |d 373509 
952 |0 0  |1 1  |2 ddc  |3 erb  |4 0  |6 153_900000000000000_GOL_2018  |7 0  |8 A  |9 491634  |a BIBGIM  |b BIBGIM  |i 5524032  |o 153.9 GOL 2018  |p 5524032  |r 2019-11-24  |w 2019-11-24  |y BK  |z Catalogado en:20181220  |k COM